Object oriented programming using C++ (Record no. 4962)

MARC details
000 -LEADER
fixed length control field 00353nam a2200133Ia 4500
008 - FIXED-LENGTH DATA ELEMENTS--GENERAL INFORMATION
fixed length control field 150201s1995 xx 000 0 und d
082 ## - DEWEY DECIMAL CLASSIFICATION NUMBER
Classification number 5.133
Item number SAL
100 ## - MAIN ENTRY--PERSONAL NAME
Personal name Salaria,R.S
245 ## - TITLE STATEMENT
Title Object oriented programming using C++
250 ## - EDITION STATEMENT
Edition statement 4th Ed.
260 ## - PUBLICATION, DISTRIBUTION, ETC. (IMPRINT)
Name of publisher, distributor, etc. Khanna Books Publishing Co. Ltd.
Place of publication, distribution, etc. N. Delhi
Date of publication, distribution, etc. 1995
300 ## - PHYSICAL DESCRIPTION
Extent 727p.
942 ## - ADDED ENTRY ELEMENTS (KOHA)
Source of classification or shelving scheme Dewey Decimal Classification
Koha item type Books
Koha issues (borrowed), all copies 5
Holdings
Withdrawn status Lost status Source of classification or shelving scheme Damaged status Not for loan Home library Current library Date acquired SGTU Total Checkouts Total Renewals Full call number Barcode Date last seen Date last checked out Bill Date Koha item type
    Dewey Decimal Classification     SGT Engineering Library SGT Engineering Library 28/04/2010 SGTU 2 1 5.133 SAL FE1977 06/12/2021 23/11/2021 09/02/2015 Books
    Dewey Decimal Classification     SGT Engineering Library SGT Engineering Library 28/04/2010 SGTU 4   5.133 SAL FE2066 27/09/2025 16/09/2025 09/02/2015 Books
    Dewey Decimal Classification     SGT Engineering Library SGT Engineering Library 28/04/2010 SGTU 4   5.133 SAL FE2067 23/02/2022 15/02/2022 09/02/2015 Books
    Dewey Decimal Classification     SGT Engineering Library SGT Engineering Library 28/04/2010 SGTU 6 4 5.133 SAL FE2068 16/09/2024 31/08/2024 09/02/2015 Books